Statistics for Manchester United Squad 2018/19

Click here to take the quiz!

General Stats

  • This quiz has been taken 306 times
  • The average score is 20 of 26

Answer Stats

#PositionPlayerNationalityDate of Birth (Age)% Correct
1GoalkeeperDavid de GeaSpanishNov 7, 1990 (28)
100%
6Central MidfieldPaul PogbaFrench Mar 15, 1993 (25)
91%
2Centre-BackVictor LindelöfSwedishJul 17, 1994 (24)
89%
22GoalkeeperSergio RomeroArgentinianFeb 22, 1987 (31)
87%
25Right-BackAntonio ValenciaEcuadorian Aug 4, 1985 (33)
86%
23Left-BackLuke ShawEnglishJul 12, 1995 (23)
86%
10Centre-ForwardMarcus RashfordEnglishOct 31, 1997 (21)
86%
31Defensive MidfieldNemanja MaticSerbian Aug 1, 1988 (30)
85%
3Centre-BackEric BaillyIvorianApr 12, 1994 (24)
84%
7Left WingerAlexis SánchezChileanDec 19, 1988 (29)
82%
11Left WingerAnthony MartialFrenchDec 5, 1995 (22)
82%
17Central MidfieldFredBrazilianMar 5, 1993 (25)
82%
9Centre-ForwardRomelu LukakuBelgianMay 13, 1993 (25)
82%
8Attacking MidfieldJuan MataSpanishApr 28, 1988 (30)
81%
16Centre-BackMarcos RojoArgentinianMar 20, 1990 (28)
78%
4Centre-BackPhil JonesEnglishFeb 21, 1992 (26)
78%
12Centre-BackChris SmallingEnglishNov 22, 1989 (29)
75%
39Central MidfieldScott McTominayScottishDec 8, 1996 (21)
75%
20Right-BackDiogo DalotPortuguese Mar 18, 1999 (19)
72%
21Central MidfieldAnder HerreraSpanishAug 14, 1989 (29)
70%
36Right-BackMatteo DarmianItalian Dec 2, 1989 (28)
70%
27Central MidfieldMarouane FellainiBelgian Nov 22, 1987 (30)
69%
18Left-BackAshley YoungEnglishJul 9, 1985 (33)
67%
14Right WingerJesse LingardEnglishDec 15, 1992 (25)
64%
15Attacking MidfieldAndreas PereiraBrazilianJan 1, 1996 (22)
52%
13GoalkeeperLee GrantEnglishJan 27, 1983 (35)
45%

Score Distribution

Percentile by Number Answered

Percent of People with Each Score

Your Score History

You have not taken this quiz